| 000 | 00486 a2200157 4500 | ||
|---|---|---|---|
| 999 |
_c1192 _d1192 |
||
| 020 | _a9781861528384 | ||
| 050 | _aGV1203.DYN 2002 | ||
| 100 | _aDynamix (Firm) | ||
| 245 |
_aCan do serious fun : _b games for 4-9 year olds / _cDynamix (Firm) |
||
| 264 |
_aLondon : _bThomson, _c 2002. |
||
| 300 | _aviii, 76 pages : illustrations ; 26 cm | ||
| 440 | _aSerious fun | ||
| 500 | _aDynamix Ltd." Series statement from spine and cover. | ||
| 650 | _a Play. | ||
| 942 |
_2lcc _cBK _h1203 _iDYN _kGV |
||